| 000 | 00592nam a2200229Ia 4500 | ||
|---|---|---|---|
| 003 | OSt | ||
| 005 | 20220928140101.0 | ||
| 006 | a|||||r|||| 00| 0 | ||
| 007 | ta | ||
| 008 | 220927b |||||||| |||| 00| 0 eng d | ||
| 024 | _a6428 | ||
| 037 | _cTextual | ||
| 040 |
_aSDCL _cSDCL _beng |
||
| 041 |
_2eng _aeng |
||
| 082 | _aI:6, P4 | ||
| 100 |
_aJain H K _9493809 |
||
| 245 | 0 |
_aPlant breeding _b Mendelian to molecular approaches |
|
| 260 | _c2004 | ||
| 700 |
_a Kharkwal M C _9493810 |
||
| 942 |
_hI:6, P4 _cTEXL _2CC |
||
| 999 |
_c809665 _d809665 |
||